00194nam a2200073Ia 4500008004100000100001600041245004100057260002200098190216s9999||||xx |||||||||||||| ||und|| aPrakasham R 0aVyavasaya Banda Padanam Orumughavura bKerala Basha Inst